000 00760nam a2200193 i 4500
001 98650
003 ES-MaACL
005 20240312170635.0
007 t|
008 940202s1886 sp d |||| | spa d
040 _aCAM
_bspa
100 1 _aEguilaz Yanguas, Leopoldo de.
_946759
245 1 0 _aGlosario etimológico de las palabras españolas (castellanas, catalanas, gallegas, mallorquinas, portuguesas, valencianas y bascongadas) de origen oriental (árabe, hebreo, malayo, persa y turco) /
_cpor Leopoldo de Eguilaz y Yanguas.
260 _aGranada :
_b[s.n.],
_c1886 (
_fImp. La Lealtad)
300 _aXXIV, 591 p. ;
_c24 cm.
650 0 7 _aLengua española-
_xEtimología-
_vDiccionarios
_2
_9162364
852 _aES-MaACL
_jB-487
999 _c98650
_d98650